1292 1229 1986 1749 1728 1784 1641 1198 1210 1870 1927 1115 1675 1057 1482 1496 1831 1549 1060 1538 1411 1841 1907 1449 1302 1124 1690 1109 1819 1267 1673 1074 1489 1321 1921 1338 1181 1385 1218 1204 1152 1749 1569 1207 1024 1689 1238 1201 1385 1277 1382 1639 1795 1653 1858 1532 1186 1853 1139 1143 1534 1862 1595 1499 1586 1287 1392 1533 1950 1198 1042 1818 1012 1985 1729 1315 1960 1034 1240 1535 1311 1796 1748 1890 1514 1504 1820 1786 1992 1984 1898 1984 1476 1412 1553 1544 1769 1567 1668 BCNSPRNW ULIB Ver.6.0+V

เปลี่ยนเป็นภาษาไทย

Change to English
 แสดงรายละเอียดบรรณานุกรม
  กลับหน้าหลัก

Brief Record : Get Marc (ISO 2709) : E-mail record : QR code < ปิดหน้าต่าง
LEADER : 00000nam 2200000uu 4500
001    13399108873
003     ULIB
008    110315s2551||||th 000 0 tha d
020    9789744224811
060  4 WY100^bส691ค 2551
110 1  กระทรวงสาธารณสุข^bกรมการแพทย์^bสำนักงานการพยาบาล
245 00 ความรู้ ทักษะ และตัวชี้วัดเฉพาะงานการพยาบาล:ใน5จังหวัดชายแดนภาคใต้/^cบรรณาธิการ,จินนะรัตน์ ศรีภัทรภิญโญ,อัมภา ศรารัชต์
260    นนทบุรี:^bสำนักงานการพยาบาล,^c2551
300    161 หน้า
650  7 ทักษะการพยาบาล
945    ^p0^l0^i025739
995    ทศพร
999 ^a ใช้งานได้ทุกระบบ
รายการนี้ยังไม่มีแท็ก
คุณยังไม่ได้ล็อกอิน คุณสามารถมีกิจกรรมร่วมกับเว็บไซต์ได้ แต่ต้องล็อกอินก่อน ::
  ล็อกอิน

รายการสื่อสารสนเทศ

ลำดับที่ ประเภท เลขเรียก/บาร์โค้ด สถานที่ สถานะ
- ไม่พบข้อมูล -

BibComment


ยังไม่เคยถูกคอมเมนท์

คอมเมนท์ทรัพยากรรายการนี้
  คอมเมนท์: ความรู้ ทักษะ และ..


 Copyright 2026. Bcnsprnw @Library